Slightly obscure Harry Potter quiz - Statistics

General Stats
  • This quiz has been taken 482 times
    471 since last reset
  • The average score is 18 of 40
Answer Stats
Hint Answer % Correct
^Hogwarts house he belonged to Ravenclaw
89%
Name of Ron Weasley's pet owl Pigwidgeon
82%
Type of creature Ginny Weasley has as a pet Pygmy Puff
78%
^It's name Arnold
75%
Term that Argus Filch and Arabella Figg have in common Squib
74%
Ginny's boyfriend before Dean Thomas Michael Corner
73%
Buckbeak's alias when he returns to Hogwarts after Sirius Black's death Witherwings
68%
Person who sent the Dementors to Privet Drive to attack Harry Potter at the start of the Order of the Phoenix Dolores Umbridge
67%
First name of wandmaker Ollivander Garrick
67%
Imperiused puppet Minister for Magic under Voldemort Pius Thicknesse
67%
Diagon Alley bookshop Flourish and Blotts
66%
Dumbledore's predecessor as Hogwarts Headmaster Armando Dippet
61%
Hogwarts Astronomy professor Professor Aurora Sinistra
61%
Aragog is this type of magical creature Acromantula
60%
First name of Dumbledore's father Percival
60%
Norbert was this species of dragon Norwegian Ridgeback
59%
Uncontrollable spell that Crabbe uses to destroy the Room of Requirement Fiendfyre
58%
Nickname given to Sirius Black when Harry, Ron and Hermione wanted to talk about him at Hogwarts Snuffles
57%
Plant that Death Eaters use to assassinate Broderick Bode Devil's Snare
56%
Name of Hepzibah Smith's house elf Hokey
56%
Hogwarts Arithmancy Professor Professor Septima Vector
55%
Spell used by Barty Crouch Junior to conjure the Dark Mark Morsmordre
47%
Type of charm used to conceal information, requiring a Secret Keeper Fidelius
41%
Dudley Dursley's school Smeltings Academy
40%
Head of the Magical Law Enforcement Patrol who comes to Little Hangleton to arrest Morfin Gaunt Bob Ogden
37%
Ministry of Magic official who gave lessons in Apparition at Hogwarts Wilkie Twycross
37%
Ravenclaw Quidditch Captain Roger Davies
35%
Type of sweet that Romilda Vane spiked with a love potion intended for Harry Potter Chocolate Cauldron
33%
Range of sweets marketed by Weasley's Wizarding Wheezes and used by Hogwarts students to get out of lessons Skiving Snackbox
30%
Book containing the recipe for Polyjuice Potion that Hermione obtains from the Restricted Section Moste Potente Potions
26%
Ireland's seeker at the Quidditch World Cup Final Aidan Lynch
25%
Name of the woman who runs the orphanage that housed Tom Riddle Mrs Cole
22%
Hogwarts ghost in charge of the Headless Hunt Sir Patrick Delaney-Podmore
17%
Former St Mungo's Healer and Hogwarts Headmistress whose portrait hangs in Dumbledore's office Dilys Derwent
13%
Location where Harry and the Weasleys caught their Portkey to the Quidditch World Cup Stoatshead Hill
13%
Mischevious wizard responsible for regurgitating toilets and biting doorknobs, who overheard Harry setting up Dumbledore's Army in the Hogs Head pub Willy Widdershins
11%
Abandoned Muggle department store that houses St Mungo's Hospital Purge and Dowse
6%
National team that knocked Wales out of the Quidditch World Cup Uganda
6%
Rival wizarding tailor shop to Madam Malkin's Twillfit and Tattings
5%
Head of the Goblin Liaison Office in Goblet of Fire Cuthbert Mockridge
2%
No matching quizzes found
Score Distribution
Percent of People with Each Score
Percentile by Number Answered
Your Score History
You have not taken this quiz since the last reset